| 000 | 00000nas 2200000za 4500 |
| 001 | 9.502492 |
| 003 | CaOODSP |
| 005 | 20230830102046 |
| 007 | cr ||||||||||| |
| 008 | 150406d20092009xxc|| p o||||f| |0fre|d |
| 022 | |a1921-3654 |
| 040 | |aCaOODSP|bfre |
| 043 | |an-cn--- |
| 086 | 1 |aH22-1/1F-PDF |
| 245 | 00|aComité d'éthique de la recherche de Santé Canada, rapport annuel. |
| 264 | 1|aOttawa, Ontario : |bSanté Canada, |cjuillet 2009. |
| 310 | |aAnnuel |
| 362 | 1 |aParaît depuis et ne paraît plus après 2008/2009. |
| 500 | |aLes rapports antérieurs sont disponibles sous le n° de catalogue H1-9/21F-PDF. |
| 520 | 3 |aDécrit le mandat du Comité, les principaux résultats atteints et également les activités du Secrétariat du Comité d’éthique de la recherche (CER) à la Direction des politiques scientifiques, Direction générale de la politique stratégique de Santé Canada. De plus, il présent un résumé du rôle du CER, ses futurs objectifs et le profil des membres du Comité. |
| 691 | 07|aRecherche scientifique|2gcpds |
| 691 | 07|aÉthique|2gcpds |
| 710 | 1 |aCanada.|bSanté Canada. |bDirection générale de la politique stratégique, |eorganisme de publication. |
| 775 | 08|tHealth Canada's Research Ethics Board, annual report |w(CaOODSP)9.505674 |
| 776 | 0#|tComité d'éthique de la recherche de Santé Canada, rapport annuel |w(CaOODSP)9.513931 |
| 780 | 00|tComité d'éthique de la recherche à Santé Canada, rapport annuel.|w(CaOODSP)9.502138 |